Flags of the Departments of Colombia - Statistics

General Stats
  • This quiz has been taken 9 times
    8 since last reset
  • The average score is 18 of 33
Answer Stats
Picture Answer % Correct
Bogotá
100%
Amazonas
86%
Cesar
71%
Córdoba
71%
Norte de Santander
71%
Santander
71%
Antioquia
57%
Atlántico
57%
Bolívar
57%
Boyacá
57%
Caldas
57%
Cauca
57%
Chocó
57%
Cundinamarca
57%
Magdalena
57%
Meta
57%
Putumayo
57%
Risaralda
57%
Sucre
57%
Tolima
57%
Valle del Cauca
57%
Vaupés
57%
Arauca
43%
Caquetá
43%
Casanare
43%
Guaviare
43%
La Guajira
43%
Nariño
43%
Quindío
43%
San Andrés y Providencia
43%
Vichada
43%
Guainía
29%
Huila
29%
No matching quizzes found
Score Distribution
Percent of People with Each Score
Percentile by Number Answered
Your Score History
You have not taken this quiz since the last reset